| 000 | 01912cam a22005054i 4500 | ||
|---|---|---|---|
| 003 | PE-LiUPU | ||
| 005 | 20250731173425.0 | ||
| 008 | 150706s2006 flu r 000 0 spa d | ||
| 020 | _a9780822762464 | ||
| 035 | _a(Sirsi) i9780822762464 | ||
| 040 |
_aPE-LiUPU _bspa _cPE-LiUPU _erda |
||
| 049 | _aPRUA | ||
| 082 | 0 | 4 |
_a241.3 _bJ24 _221 |
| 100 | 1 |
_aJarmillo Cárdenas, Luciano, _eautor. |
|
| 245 | 1 | 0 |
_aTentaciones : _bnuestro lado oscuro / _cLuciano Jaramillo Cárdenas. |
| 264 | 1 |
_aMiami, Florida : _bEditorial Vida, _c2006. |
|
| 300 |
_a205 páginas ; _c21 centímetros |
||
| 336 |
_atext _2rdacontent |
||
| 337 |
_aunmediated _2rdamedia |
||
| 338 |
_avolume _2rdacarrier |
||
| 504 | _aIncluye bibliografía. | ||
| 505 | 0 | _aLa integridad -- La tentación -- La ceguera -- La instalación -- La decepción -- La seducción -- La seducción del sexo -- La seducción del poder -- La seducción del dinero -- La conciencia -- Una sana vida cristiana -- Nuestras luchas -- Una vida de fe. | |
| 526 | _aSEG42 | ||
| 526 | _aSEG41 | ||
| 526 | _aSEG40 | ||
| 526 | _aSEG39 | ||
| 526 | _aP94 | ||
| 526 | _aP87 | ||
| 526 | _aP86 | ||
| 526 | _aP85 | ||
| 526 | _aP77 | ||
| 526 | _aP76 | ||
| 526 | _aP35 | ||
| 541 | _g001-0000607; | ||
| 650 | 0 | 4 | _aTentación. |
| 650 | 0 | 4 | _aVida cristiana. |
| 700 | 1 |
_aJaramillo, Athala G., _eeditor. |
|
| 700 | 1 |
_aCabauy, Edith, _eeditor. |
|
| 910 |
_agl _bjv _cng _d20121025 |
||
| 942 |
_2ddc _cBOOK |
||
| 949 |
_a241.3 J24 _wDEWEY _c1 _i65716 _lCCODEBUL1 _mBUL _p21.00 _r0 _sY _tBOOK _u2015-7-6 _xTEOLOGIA _PP35 _o.STAFF. Colección General |
||
| 994 |
_aC0 _bPEPRU |
||
| 596 | _a1 | ||
| 999 |
_a241.3 J24 _wDEWEY _c54149 _i65716 _d54149 _e2015-10-1 _f2021-11-10 _g5 _lCCODEBUL1 _mBUL _n1 _p21.00 _r0 _sY _tBOOK _u2015-7-6 _xTEOLOGIA _PP35 _0COMPRA _o.STAFF. Colección Teología |
||
| 980 |
_81 _gALBERTO SANCHEZ Responsable de Automatización |
||